000 00398nam a2200145Ia 4500
008 210210b1985 xxu||||| |||| 00| 0 eng d
082 _a344 MATL
100 _aMATHEW (P D).
245 _aLegal education series No.12: public interest litigation.
260 _aND
_bIndian social institute
_c1985
300 _a28
650 _aPublic interest litigation
690 _aSocial Law
906 _a038142
999 _c88106
_d88106